Statistics for Scores Not Achievable Between 1 - 60 With One Dart On Dart Board

Click here to take the quiz!

General Stats

  • This quiz has been taken 20 times
  • The average score is 14 of 17

Answer Stats

Answer% Correct
43
94%
23
88%
29
88%
37
88%
41
88%
52
82%
49
82%
47
82%
46
82%
44
82%
31
82%
35
76%
53
76%
55
76%
58
76%
56
71%
59
71%

Score Distribution

Percentile by Number Answered

Percent of People with Each Score

Your Score History

You have not taken this quiz